<?xml version="1.0" encoding="UTF-8"?>
<record
    xmlns:xsi="http://www.w3.org/2001/XMLSchema-instance"
    xsi:schemaLocation="http://www.loc.gov/MARC21/slim http://www.loc.gov/standards/marcxml/schema/MARC21slim.xsd"
    xmlns="http://www.loc.gov/MARC21/slim">

  <leader>03731nam a2200445 i 4500</leader>
  <controlfield tag="001">000047555</controlfield>
  <controlfield tag="003">DO-SdBNP</controlfield>
  <controlfield tag="005">20250716140036.0</controlfield>
  <controlfield tag="007">ta</controlfield>
  <controlfield tag="008">150206s2011    dr ac   r     000 0 spa d</controlfield>
  <datafield tag="020" ind1=" " ind2=" ">
    <subfield code="a">9789945443622 (serie)</subfield>
  </datafield>
  <datafield tag="020" ind1=" " ind2=" ">
    <subfield code="a">9789945443691 (v. 167)</subfield>
  </datafield>
  <datafield tag="040" ind1=" " ind2=" ">
    <subfield code="a">DO-SdBNP</subfield>
    <subfield code="b">spa</subfield>
    <subfield code="c">BNPHU</subfield>
    <subfield code="e">rda</subfield>
  </datafield>
  <datafield tag="041" ind1=" " ind2=" ">
    <subfield code="a">spa</subfield>
  </datafield>
  <datafield tag="082" ind1=" " ind2="4">
    <subfield code="a">RD860.8</subfield>
    <subfield code="b">C744o, 2010</subfield>
    <subfield code="2">22</subfield>
  </datafield>
  <datafield tag="111" ind1="2" ind2=" ">
    <subfield code="a">Concurso de Arte y Literatura Bancentral</subfield>
    <subfield code="n">(14 :</subfield>
    <subfield code="d">2010 :</subfield>
    <subfield code="c">Santo Domingo, Rep&#xFA;blica Dominicana)</subfield>
    <subfield code="9">75192</subfield>
  </datafield>
  <datafield tag="245" ind1="1" ind2="0">
    <subfield code="a">Obras premiadas :</subfield>
    <subfield code="b">decimocuarto concurso de arte y literatura Bancentral 2010 /</subfield>
    <subfield code="c">presentaci&#xF3;n, H&#xE9;ctor Valdez Albizu.</subfield>
  </datafield>
  <datafield tag="264" ind1=" " ind2="4">
    <subfield code="a">Santo Domingo :</subfield>
    <subfield code="b">Banco Central de la Rep&#xFA;blica Dominicana,</subfield>
    <subfield code="c">2011.</subfield>
  </datafield>
  <datafield tag="300" ind1=" " ind2=" ">
    <subfield code="a">115 p&#xE1;ginas :</subfield>
    <subfield code="b">ilustraciones, retratos ;</subfield>
    <subfield code="c">24 cm.</subfield>
  </datafield>
  <datafield tag="336" ind1=" " ind2=" ">
    <subfield code="a">texto</subfield>
    <subfield code="b">txt</subfield>
    <subfield code="2">rdacontent</subfield>
  </datafield>
  <datafield tag="337" ind1=" " ind2=" ">
    <subfield code="a">sin mediaci&#xF3;n</subfield>
    <subfield code="b">n</subfield>
    <subfield code="2">rdamedia</subfield>
  </datafield>
  <datafield tag="338" ind1=" " ind2=" ">
    <subfield code="a">volumen</subfield>
    <subfield code="b">nc</subfield>
    <subfield code="2">rdacarrier</subfield>
  </datafield>
  <datafield tag="490" ind1="0" ind2=" ">
    <subfield code="a">Banco Central de la Rep&#xFA;blica Dominicana </subfield>
    <subfield code="v">167 </subfield>
  </datafield>
  <datafield tag="490" ind1="0" ind2=" ">
    <subfield code="a">Obras premiadas </subfield>
    <subfield code="v">14 </subfield>
  </datafield>
  <datafield tag="500" ind1=" " ind2=" ">
    <subfield code="a">Incluye notas a pie de p&#xE1;ginas</subfield>
  </datafield>
  <datafield tag="505" ind1="0" ind2=" ">
    <subfield code="a">Presentaci&#xF3;n --</subfield>
    <subfield code="t">Cuento --</subfield>
    <subfield code="t">&#xBF;Por qu&#xE9; ser&#xE1;? --</subfield>
    <subfield code="g">Primer premio --</subfield>
    <subfield code="r">Eunice Dur&#xE1;n V&#xE1;squez /</subfield>
    <subfield code="t">Una v&#xED;a --</subfield>
    <subfield code="g">Segundo premio --</subfield>
    <subfield code="r">Sabrina Hern&#xE1;ndez Batlle /</subfield>
    <subfield code="t">Zurciendo la esperanza --</subfield>
    <subfield code="g">Tercer premio --</subfield>
    <subfield code="r">Ariadna Adames Rojas /</subfield>
    <subfield code="t">El encuentro--</subfield>
    <subfield code="g">Primera menci&#xF3;n de honor --</subfield>
    <subfield code="r">Rafael Eduardo Cintr&#xF3;n D&#xED;az /</subfield>
    <subfield code="t">El &#xFA;ltimo acto --</subfield>
    <subfield code="g">Segunda menci&#xF3;n de honor --</subfield>
    <subfield code="r">N&#xE9;rcido Melanio Vargas /</subfield>
    <subfield code="t">Cocoteco --</subfield>
    <subfield code="g">Tercera menci&#xF3;n de honor --</subfield>
    <subfield code="r">Maribel Ram&#xED;rez Peralta /</subfield>
  </datafield>
  <datafield tag="505" ind1="0" ind2=" ">
    <subfield code="a">Pintura --</subfield>
    <subfield code="t">Villa Altagracia --</subfield>
    <subfield code="g">Primer premio --</subfield>
    <subfield code="r">Ariadna Adames Rojas /</subfield>
    <subfield code="t">Esperando por el agua --</subfield>
    <subfield code="g">Segundo premio --</subfield>
    <subfield code="r">Sonia Ang&#xE9;lica Pereyra Ariza /</subfield>
    <subfield code="t">La casa de do&#xF1;a Mecho --</subfield>
    <subfield code="g">Tercer premio --</subfield>
    <subfield code="r">Geraldo A. Pimentel Ram&#xED;rez /</subfield>
    <subfield code="t">Paisaje colonial dominicano --</subfield>
    <subfield code="g">Primera menci&#xF3;n de honor --</subfield>
    <subfield code="r">Ariadna Adames Rojas /</subfield>
    <subfield code="t">Reflejos nuestros --</subfield>
    <subfield code="g">Segunda menci&#xF3;n de honor --</subfield>
    <subfield code="r">Luis Enrique Corniel /</subfield>
  </datafield>
  <datafield tag="505" ind1="0" ind2=" ">
    <subfield code="a">Dibujo --</subfield>
    <subfield code="t">Mary Gaby --</subfield>
    <subfield code="g">Primer premio --</subfield>
    <subfield code="r">Maritza Balbuena /</subfield>
    <subfield code="t">El viejo Suly --</subfield>
    <subfield code="g">Segundo premio --</subfield>
    <subfield code="r">Teresa Calder&#xF3;n Cabral /</subfield>
    <subfield code="t">Sendero --</subfield>
    <subfield code="g">Tercer premio --</subfield>
    <subfield code="r">Amelia Ortiz /</subfield>
    <subfield code="t">Impotencia en el desastre --</subfield>
    <subfield code="g">Primera menci&#xF3;n de honor --</subfield>
    <subfield code="r">Maritza Balbuena /</subfield>
  </datafield>
  <datafield tag="505" ind1="0" ind2=" ">
    <subfield code="a">Fotograf&#xED;a --</subfield>
    <subfield code="t">Abandonando antes del inicio --</subfield>
    <subfield code="g">Primer premio --</subfield>
    <subfield code="r">Marianela del Carmen Matos Pichardo /</subfield>
    <subfield code="t">Libertad --</subfield>
    <subfield code="g">Segundo premio --</subfield>
    <subfield code="r">Ana Alexandra P&#xE9;rez de Mont&#xE1;s /</subfield>
    <subfield code="t">Los trapitos al sol --</subfield>
    <subfield code="g">Tercer premio --</subfield>
    <subfield code="r">Amelia Ortiz /</subfield>
    <subfield code="t">Flores de papel --</subfield>
    <subfield code="g">Primera menci&#xF3;n de honor --</subfield>
    <subfield code="r">Ana Alexandra P&#xE9;rez de Mont&#xE1;s /</subfield>
    <subfield code="t">Lingote --</subfield>
    <subfield code="g">Segunda menci&#xF3;n de honor --</subfield>
    <subfield code="r">Amelia Ortiz /</subfield>
    <subfield code="t">Bailando Cibao adentro --</subfield>
    <subfield code="g">Tercera menci&#xF3;n de honor --</subfield>
    <subfield code="r">Juan Elidio Estevez Hurtado /</subfield>
    <subfield code="t">Camuflaje --</subfield>
    <subfield code="g">Cuarta menci&#xF3;n de honor --</subfield>
    <subfield code="r">Sergio Salvador S&#xE1;nchez D&#xED;az /</subfield>
    <subfield code="t">La excepci&#xF3;n de Plat&#xF3;n --</subfield>
    <subfield code="g">Quinta menci&#xF3;n de honor --</subfield>
    <subfield code="r">Roseiby Karina D&#xE1;jer Cruz /</subfield>
    <subfield code="t">En marcha --</subfield>
    <subfield code="g">Sexta menci&#xF3;n de honor --</subfield>
    <subfield code="r">Rafael Virgilio Ravelo Pe&#xF1;a /</subfield>
    <subfield code="t">&#xBF;Por qu&#xE9;? --</subfield>
    <subfield code="g">S&#xE9;ptima menci&#xF3;n de honor --</subfield>
    <subfield code="r">Mar&#xED;a del Carmen Cass&#xE1; Calzada /</subfield>
    <subfield code="t">Mirando al este --</subfield>
    <subfield code="g">Octava menci&#xF3;n de honor --</subfield>
    <subfield code="r">Mar&#xED;a del Carmen Cass&#xE1; Calzada /</subfield>
  </datafield>
  <datafield tag="505" ind1="0" ind2=" ">
    <subfield code="t">Miembros del jurado del concurso de Arte y Literatura (1995-2010) --</subfield>
    <subfield code="t">Colecci&#xF3;n bibliograf&#xED;ca del Banco Central de la Rep&#xFA;blica Dominicana /</subfield>
  </datafield>
  <datafield tag="590" ind1=" " ind2=" ">
    <subfield code="a">Inventariado, 2018/YL</subfield>
  </datafield>
  <datafield tag="650" ind1=" " ind2="4">
    <subfield code="a">Cert&#xE1;menes literarios</subfield>
    <subfield code="y">Siglo XXI</subfield>
    <subfield code="9">43523</subfield>
  </datafield>
  <datafield tag="650" ind1=" " ind2="4">
    <subfield code="a">Literatura dominicana </subfield>
    <subfield code="y">Siglo XXI</subfield>
    <subfield code="9">43524</subfield>
  </datafield>
  <datafield tag="650" ind1=" " ind2="4">
    <subfield code="a">Premios literarios</subfield>
    <subfield code="y">Siglo XXI</subfield>
    <subfield code="9">43525</subfield>
  </datafield>
  <datafield tag="650" ind1=" " ind2="4">
    <subfield code="a">Arte y literatura</subfield>
    <subfield code="y">Siglo XXI</subfield>
    <subfield code="9">75187</subfield>
  </datafield>
  <datafield tag="700" ind1="1" ind2=" ">
    <subfield code="a">Valdez Albizu, H&#xE9;ctor,</subfield>
    <subfield code="d">1947-</subfield>
    <subfield code="9">12322</subfield>
  </datafield>
  <datafield tag="710" ind1="2" ind2=" ">
    <subfield code="a">Banco Central de la Rep&#xFA;blica Dominicana</subfield>
    <subfield code="9">83405</subfield>
  </datafield>
  <datafield tag="830" ind1=" " ind2="0">
    <subfield code="a">Banco Central de la Rep&#xFA;blica Dominicana.</subfield>
    <subfield code="v">167</subfield>
    <subfield code="p">Obras premiadas</subfield>
    <subfield code="n">14</subfield>
    <subfield code="9">75193</subfield>
  </datafield>
  <datafield tag="942" ind1=" " ind2=" ">
    <subfield code="2">ddc</subfield>
    <subfield code="c">LBS1</subfield>
  </datafield>
  <datafield tag="952" ind1=" " ind2=" ">
    <subfield code="0">0</subfield>
    <subfield code="1">0</subfield>
    <subfield code="2">ddc</subfield>
    <subfield code="5">1</subfield>
    <subfield code="7">0</subfield>
    <subfield code="8">PD</subfield>
    <subfield code="a">BNPHU</subfield>
    <subfield code="b">BNPHU</subfield>
    <subfield code="c">HD</subfield>
    <subfield code="d">2018-06-27</subfield>
    <subfield code="l">0</subfield>
    <subfield code="o">BNPHU PD RD860.8 C744o, 2010</subfield>
    <subfield code="p">47555-10</subfield>
    <subfield code="r">2020-06-25</subfield>
    <subfield code="w">2020-06-25</subfield>
    <subfield code="y">LBS1</subfield>
    <subfield code="Z">No se presta</subfield>
  </datafield>
  <datafield tag="952" ind1=" " ind2=" ">
    <subfield code="0">0</subfield>
    <subfield code="1">0</subfield>
    <subfield code="2">ddc</subfield>
    <subfield code="5">1</subfield>
    <subfield code="7">0</subfield>
    <subfield code="8">PD</subfield>
    <subfield code="a">BNPHU</subfield>
    <subfield code="b">BNPHU</subfield>
    <subfield code="c">HD</subfield>
    <subfield code="d">2018-06-27</subfield>
    <subfield code="l">0</subfield>
    <subfield code="o">BNPHU PD RD860.8 C744o, 2010</subfield>
    <subfield code="p">47555-20</subfield>
    <subfield code="r">2020-06-25</subfield>
    <subfield code="t">e. 2</subfield>
    <subfield code="w">2020-06-25</subfield>
    <subfield code="y">LBS1</subfield>
    <subfield code="Z">No se presta</subfield>
  </datafield>
  <datafield tag="952" ind1=" " ind2=" ">
    <subfield code="0">0</subfield>
    <subfield code="1">0</subfield>
    <subfield code="2">ddc</subfield>
    <subfield code="5">6</subfield>
    <subfield code="7">0</subfield>
    <subfield code="8">DS</subfield>
    <subfield code="a">BNPHU</subfield>
    <subfield code="b">BNPHU</subfield>
    <subfield code="c">HD</subfield>
    <subfield code="d">2019-05-22</subfield>
    <subfield code="l">0</subfield>
    <subfield code="o">BNPHU DS RD860.8 C744o, 2010</subfield>
    <subfield code="p">47555-30</subfield>
    <subfield code="r">2020-06-25</subfield>
    <subfield code="t">e. 3</subfield>
    <subfield code="w">2020-06-25</subfield>
    <subfield code="y">LBS1</subfield>
    <subfield code="Z">Pr&#xE9;stamo en sala</subfield>
  </datafield>
  <datafield tag="999" ind1=" " ind2=" ">
    <subfield code="c">47043</subfield>
    <subfield code="d">47043</subfield>
  </datafield>
</record>
